Devine le personnage Disney à partir de ses couleurs - princesse - Statistiques

Statistiques générales
  • Ce quiz a été pris 116 fois
  • Le résultat moyen est 8 sur 15
Statistiques - réponses
Par images Réponse % Correct
Elsa
85%
Aurore
78%
Blanche neige
74%
Ariel
71%
Anna
67%
Tiana
67%
Cendrillon
64%
Mulan
64%
Raiponce
62%
Belle
59%
Jasmine
47%
Pocahontas
31%
Mérida
21%
Raya
19%
Vaiana
9%
Aucun quiz correspondant
Distribution des résultats
% des personnes avec chaque résultat
Percentile par nombre de réponses
Votre historique - résultats
Vous n’avez pas pris ce quiz